00705nam a22002177a 450000500170000001000150001702000260003203500140005803700130007208200060008510000200009124500950011125000120020626000420021827000980026030000220035850000380038060000290041870000200044770000200046720190328122955.0 aENG-124995 a9788193528303c550.00 aEN-108527 bDBAD/PUB aN aNivedita, Charu aZero Degree/cby Charu Nivedita; translated by Pritham K.Chakravarthy [and] Rakesh Khanna a3rd ed. aChennaibZero Degree Publishingc2017 a12/7, Bay Line Apartments, 2nd Cross Street, R.K Nagar Thiruvanmiyur,ChennaibChennaie600041v av.281p.c20cm(Hb) aIt includes about the translators d.Chakravarthy, Pritham K aKhanna, Rakesh  aKhanna, Rakesh